01065nam a2200289Ia 450000500170000000800410001710000330005824500720009125000390016330000260020260000690022865000380029765000420033565000360037765000330041365000380044670000520048474000480053694200150058426400270059933600270062633700330065333800280068604000350071408400110074999900150076020220317000522.0160601s2005 ck a g 000 0 spa 1 aFlaubert, Gustaved1821-188010aMadame Bovary cGustave Flaubert ; traducción Nicolás Suescún a1a. edición b1a. reimpresión  a388 páginasc21 cm 14aFlaubert, Gustaved1821-1880xCritica e interpretación 947117142LEMBaNovela francesa xSiglo XIX142LEMBaLiteratura francesa xSiglo XIX142LEMBaMujeres en la literatura 142LEMBaAmor en la literatura 142LEMB aTragedia en la literatura 1 aSuescún, Nicolás d1937-etraductor 912773 aA propósito de Gustave Flaubert y su obra 2loccBKLIT aBogotá bNormac2005 atextobtxt2rdacontent asin mediaciónbn2rdamedia avolumenbnc2rdacarrier aCO-BoRNBPbspaerdacCO-BoRNBP aN FLA2 c4275d4275